[Event "EU-Cup 19th"]
[Site "Rethymno"]
[Date "2003.09.28"]
[Round "1.4"]
[White "Smirnov, Pavel"]
[Black "Hautot, Stephane"]
[Result "1-0"]
[WhiteElo "2629"]
[BlackElo "2317"]
[Annotator "Rogozenco,D"]
[PlyCount "63"]
[EventDate "2003.09.28"]
[EventType "team-swiss"]
[EventRounds "7"]
[EventCountry "GRE"]
[SourceTitle "CBM 098"]
[Source "ChessBase"]
[SourceDate "2004.02.03"]
[SourceVersion "1"]
[SourceVersionDate "2004.02.03"]
[SourceQuality "1"]
[WhiteTeam "St Petersburg"]
[BlackTeam "Liege"]
[WhiteTeamCountry "RUS"]
[BlackTeamCountry "BEL"]

1. e4 c5 2. Nf3 d6 3. d4 Nf6 4. Nc3 cxd4 5. Nxd4 g6 6. Be3 Bg7 7. f3 O-O 8. Qd2
Nc6 9. Bc4 Bd7 10. h4 Rc8 11. Bb3 Ne5 12. O-O-O Nc4 13. Bxc4 Rxc4 14. h5 Nxh5
15. g4 Nf6 16. Kb1 $1 {White has plenty of other options, but this standard
useful move is very likely to be the best continuation.} Re8 (16... Qc7 17. g5
(17. Nd5 Nxd5 18. exd5 Rc8 19. Qh2 h5 20. gxh5 Bf5 21. Nxf5 Rxc2 22. hxg6 Rxb2+
23. Qxb2 Bxb2 $13) 17... Nh5 18. Nd5 Qd8 19. b3 (19. Nf5 $5 {1-0 Pyhala,
A-Hartikainen,M/Helsinki 1993 (28)}) 19... Rc8 20. Ne2 e6 21. Ndf4 Nxf4 22.
Nxf4 Qc7 23. Qh2 h5 24. gxh6 Be5 25. h7+ Kh8 26. Bd4 $16 {1-0 Anand,
V-Khalifman,A/Moscow rapid 1995 (38)}) (16... Bxg4 17. fxg4 Nxg4 18. Qe2 Nxe3
19. Qxe3 $16 {1-0 Anand,V-Tolnai,T/Hilversum 1993 (26)}) 17. Nd5 (17. e5 {
Successfully played by the Dragon specialist Rainer Polzin, this move is not
even mentioned on some theoretical sources. It certainly requires a detailed
analysis.} Nxg4 (17... dxe5 $5 {Nobody ever tried this.}) 18. fxg4 Bxg4 (18...
Bxe5 19. g5 Qc8 20. Qf2 Bf5 21. Nxf5 Qxf5 22. Qxf5 gxf5 23. Nd5 Rg4 24. Rh5 f4
25. Bxa7 $16 {1-0 Polzin,R-Sluka,R/Pardubice 1993 (52)}) 19. e6 $1 $36 {
1-0 Polzin,R-Czajka,D/Augsburg 1995 (24)}) 17... e6 (17... Nxd5 18. exd5 e5 19.
dxe6 Bxe6 20. b3 Rc8 21. Qh2 $16) (17... e5 {Probably Black must play this,
since everywhere else White has a clear advantage. However, the whole line is
suspicious for Black and after 16.Kb1 White has much better prospects.}) 18.
Nxf6+ Qxf6 19. Qh2 d5 (19... e5 20. Qxh7+ Kf8 21. g5 Qe7 22. Nf5 gxf5 23. exf5
Bxf5 (23... f6 24. Rh6 $1 $18) 24. Qxf5 Qe6 25. Qxe6 Rxe6 26. Bxa7 $16 {
1-0 Kolasinski,M-Deszczynski,A/Warsawa 1994 (42)}) (19... h6 20. Qxd6 Bc8 21.
b3 Rc3 22. Bxh6 $16 {1-0 Golubev,M-Kulagin,A/Katowice 1992 (37)}) 20. Qxh7+ (
20. e5 Qxe5 21. Bf4 Qxf4 22. Qxf4 e5 23. Qh2 exd4 24. Qxh7+ Kf8 25. Qh2 $18 {
1-0 Fernandez Aguado,J-Tasic,B/Cannes 1990 (30)}) 20... Kf8 21. Bh6 Bxh6 22.
Qxh6+ Ke7 $2 (22... Qg7 $142 23. Qe3 $16 (23. Qh2 $2 Rxd4 24. Qd6+ Re7)) 23.
Qe3 Qe5 24. Rh7 $16 {/+-} Rec8 (24... Rf8 25. Qa3+ Ke8 26. Ne2 $5 (26. Qxa7)
26... a6 27. Qa5 Bb5 (27... Bc6 28. b3 $18) (27... Rc8 28. Nc3 $16) 28. Nc3 $16
) 25. Qa3+ R8c5 26. exd5 $16 (26. Nb3 {is even more convincing, since after}
dxe4 27. f4 Qc7 28. Nxc5 Qxc5 29. Qh3 {White wins easily} Rxc2 30. Rxf7+ Kxf7
31. Qh7+ Kf6 32. Qh8+ Ke7 33. Qg7+ {with a soon mate.}) 26... b6 (26... Kf6 27.
Nb3 Rxd5 28. Rxd5 Qxd5 29. g5+ Ke5 (29... Qxg5 30. Qf8 Qg1+ 31. Nc1 $18) (29...
Kxg5 30. Qe7+ f6 31. Qxd7 $18) (29... Kf5 30. Rxf7+ $18) 30. Nc1 $18) 27. Nc6+
$1 {A well-calculated combination.} Bxc6 28. Qxa7+ Bd7 29. d6+ Ke8 30. Rxf7 Rc7
(30... Kxf7 31. Qxd7+ Kg8 32. Qe8+ Kg7 33. Qe7+ Kg8 34. d7 $18) 31. Re7+ Kf8
32. dxc7 1-0

[Event "Elgoibar 14th"]
[Site "Elgoibar"]
[Date "2004.12.11"]
[Round "1"]
[White "Gonzalez de la Torre, Santiago"]
[Black "Felgaer, Ruben Alejandro"]
[Result "0-1"]
[WhiteElo "2384"]
[BlackElo "2569"]
[Annotator "Rogozenco,D"]
[PlyCount "130"]
[EventDate "2004.12.11"]
[EventType "tourn"]
[EventRounds "9"]
[EventCountry "ESP"]
[EventCategory "10"]
[SourceTitle "CBM 105"]
[Source "ChessBase"]
[SourceDate "2005.04.11"]
[SourceVersion "1"]
[SourceVersionDate "2005.04.11"]
[SourceQuality "1"]

1. e4 c5 2. Nf3 Nc6 3. Nc3 g6 4. d4 cxd4 5. Nxd4 Bg7 6. Be3 Nf6 7. Bc4 d6 8. f3
O-O 9. Bb3 Bd7 10. Qd2 Rc8 11. O-O-O Ne5 12. Kb1 Nc4 13. Bxc4 Rxc4 14. g4 Qc7 {
Under the circumstances this is probably the best move, although the entire
opening line is difficult for Black.} 15. g5 Nh5 16. Nd5 Qd8 17. Ne2 e6 ({After
} 17... Be6 {White has a pleasant choice between} 18. Bxa7 {and 18.Ng3, in
both cases with better prospects}) 18. Ndc3 (18. Nb4 d5 19. b3 Rc8 20. exd5 a5
21. Nd3 exd5 22. Bd4 Re8 23. Bxg7 Nxg7 24. Nd4 Nf5 25. Nxf5 Bxf5 26. Rhe1 Rxe1
27. Rxe1 a4 $132 {1/2-1/2 Kayumov,S-Fedorov,A/Dubai 2003/CBM 093 ext (38)}) ({
A good alternative to 18.Ndc3 is} 18. Ndf4 Nxf4 (18... Qxg5 $2 19. Nxe6 $18)
19. Nxf4 Rc6 20. h4 Qc7 (20... Qe7 21. h5 $16 (21. Bd4 f6 22. h5 fxg5 23. hxg6
h6 24. Bxg7 Qxg7 25. Nh5 Qxg6 26. f4 e5 27. f5 Qh7 28. Rh2 $44 {1/2-1/2
Felgaer,R-Rodriguez,A/Asuncion 2003 (61)})) 21. h5 Rc8 22. Rc1 Ra6 23. hxg6
hxg6 24. c4 Qa5 25. Qxa5 Rxa5 26. Rcd1 Rc6 27. b3 $16 {1-0 Kolev,A-Alterman,B/
Elenite 1995 (41)}) 18... Rc6 (18... Qa5 $2 19. Qxd6 Bc6 20. Qd3 b5 21. Nd4 Rc8
22. Nce2 e5 23. Nb3 Qc7 24. Qd6 $18 {1-0 Velcheva,M-Moylan,L/Bled 2002 (39)})
19. Nb5 Ra6 20. Nxd6 Qc7 21. f4 (21. Qb4 $5) 21... Bc6 22. Rhf1 (22. Ng3 $5 Bd5
$140 (22... Rd8 $2 23. Nxh5 gxh5 24. Nb5 $18) 23. exd5 Rxd6 24. Nxh5 gxh5 (
24... Rxd5 25. Qb4 Rxd1+ 26. Rxd1 gxh5 27. Bxa7 $16) 25. Qb4 Rfd8 26. f5 $1 $36
) 22... Bd5 $1 {Even this tactical resource does not solve Black's problems.}
23. exd5 Rxd6 24. Qb4 Rc8 25. c3 exd5 26. Bd4 (26. f5 $1 Re8 27. Rf3 $1 $36
gxf5 28. Nd4 $16) 26... Re6 $1 27. Bxg7 Nxg7 (27... Rxe2 $2 28. Be5 $18) 28.
Ng3 (28. Qb5 $142 Nf5 (28... a6 29. Qd3) 29. Rxd5 $13 Ne3 $140 (29... a6 30.
Qd3 Rce8 31. Nc1) 30. Rd7) 28... Rb6 $1 29. Qd4 Ne6 30. Qxd5 (30. Qd2 $142 Qxc3
31. Qxc3 Rxc3 32. Rxd5 Rc4 33. f5 Rd4 $11) 30... Qxc3 31. Qd2 Qxd2 32. Rxd2 Rc4
33. Rdf2 $2 {The wrong decision to go for passivity.} (33. Ne2 Rbb4 34. Rd7 Re4
35. a3 Rb3 36. Rf2 $15) 33... Rbb4 34. Ne2 Re4 $17 35. h4 Re3 36. f5 $6 {
The arising rook endgame turns out to be very difficult for White.} (36. Nc1
$142 {[%cal Gf4f5]}) 36... gxf5 37. Nf4 Nxf4 38. Rxf4 Rxf4 39. Rxf4 Re5 $17 {
/-+} 40. Kc2 Kg7 41. Rd4 ({Possibly keeping the rook on f4 would have offered
more chances, although the endgame looks rather lost anyway:} 41. Kd3 Kg6 42.
b4 f6 (42... Kh5 43. a4 Re4 44. Rxe4 fxe4+ 45. Kxe4 Kxh4 46. Kf4 $1 $11) (42...
b5 $5) 43. gxf6 Kxf6 44. Rc4 $17) 41... Kg6 42. Rd6+ Re6 43. Rd7 Rb6 44. Kc3 f4
$1 45. a4 (45. b3 f6 $19) 45... a6 46. a5 (46. b4 Re6 $1 47. Kd2 (47. a5 f3 48.
Rd1 (48. Rd3 f2 49. Rf3 Re3+ $19) 48... Kf5 $19) 47... f3 48. Rd3 f2 49. Rf3 f5
50. Rxf2 Re4 51. Kc3 Rxh4 $19) 46... Rb5 $19 47. Rd6+ Kh5 48. Rf6 Kxh4 49.
Rxf4+ Kxg5 50. Rxf7 h5 51. b4 h4 52. Rh7 Kg4 53. Rg7+ Kf3 54. Rh7 Kg3 55. Rg7+
Kh2 56. Rg4 h3 57. Kd3 Re5 58. Kd2 Re7 59. Kd3 Re1 60. Rg7 Rg1 61. Rxb7 Rg3+
62. Kd4 Kg2 63. Rh7 h2 64. Rxh2+ Kxh2 65. Kc5 Rg6 0-1

[Event "Alushta Autumn 1st"]
[Site "Alushta"]
[Date "2002.09.23"]
[Round "13"]
[White "Kaiumov, Dmitry D"]
[Black "Solovjov, Sergey"]
[Result "1-0"]
[WhiteElo "2460"]
[BlackElo "2457"]
[Annotator "Rogozenco,D"]
[PlyCount "55"]
[EventDate "2002.09.15"]
[EventType "tourn"]
[EventRounds "15"]
[EventCountry "UKR"]
[EventCategory "9"]
[SourceTitle "CBM 092"]
[Source "ChessBase"]
[SourceDate "2003.02.06"]
[SourceVersion "1"]
[SourceVersionDate "2003.02.06"]
[SourceQuality "1"]

1. e4 c5 2. Nf3 d6 3. d4 cxd4 4. Nxd4 Nf6 5. Nc3 g6 6. Be3 Bg7 7. f3 Nc6 8. Qd2
Bd7 9. Bc4 O-O 10. O-O-O Ne5 ({Compare to the game the following line, which
belongs to B79:} 10... Qa5 11. Kb1 Rfc8 12. Bb3 Ne5 13. g4 Nc4 14. Bxc4 Rxc4
15. Nb3 Qa6 16. e5 (16. Bh6 {[#]} Bh8 $5) 16... Nxg4 17. fxg4 Bxg4 18. Rdf1 $1
(18. exd6 Bxc3 19. bxc3 Bxd1 20. Rxd1 Qxd6 21. Qxd6 exd6 {It is amazing that a
very similar position could also arise in Svidler-Golubev given below, but
here the pawn a7 is protected.})) 11. Be2 $5 Rc8 12. Kb1 Nc4 {The following
complications proved so many times to be in White's favour! Black must find
another way to use the fact that White retreated the bishop on e2 instead of
b3. The Dragon expert Mihail Golubev suggests 12...a6 or 12...Be6. Neither of
them was tested in practical games.} 13. Bxc4 Rxc4 14. g4 Qa5 $6 (14... b5 15.
b3 Rc8 16. Ndxb5 Qa5 17. a4 a6 18. Nd5 $16) (14... Qb8 $5) (14... Qc7) 15. Nb3
Qa6 16. e5 (16. Bh6 {[#] is also better for White. Comparing to the line given
above (see 10...Qa5), black rook here on f8 instead of a8 limits Black's
possibilities and makes White's attack more dangerous.}) 16... Nxg4 17. fxg4
Bxg4 {The verdict of this position is clear - White has advantage after the
tactical complications are over. The present game only proves it once more.} (
17... Bxe5 18. Nd5 Re8 19. h3 $16 {Bauer,C-Van Wely,L/Enghien les Bains 2001.})
18. Rdf1 (18. exd6 {is probably weaker, since with a precise play Black can
reach an worse, but quite unclear and rather acceptable endgame:} Bxd1 $2 (
18... Bxc3 $1 19. bxc3 Bxd1 20. Rxd1 (20. dxe7 Bxc2+ 21. Qxc2 Re8 {is okay for
Black.}) 20... Qxd6 21. Qxd6 exd6 22. Bxa7 $14) 19. dxe7 Bxc2+ 20. Qxc2 Re8 21.
Rd1 Qe6 22. Bc5 $16 {Svidler,P-Golubev,M/Baden-Baden 2002}) 18... dxe5 (18...
Bxe5 19. Nd5 $40 {[%cal Ge3d4]} e6 20. h3 $1 $16) 19. Rhg1 (19. Bh6 Qe6 20. h4
Bxh6 21. Qxh6 f6 22. Nd2 Rd4 23. Nde4 $36 {Jakubowski,K-Wojcieszyn,J/Glogow
2001. The position remains complicated, but with all pieces in attack White
has many ideas to break through Black's pawn wall.}) 19... Bf5 (19... Qe6 $2
20. Nc5 Qc8 21. Nd5 Re8 22. b3 $18) 20. Bh6 Bxh6 21. Qxh6 e6 22. Nd2 {here and
even on the next move the plan h4-h5 looked strong.} (22. h4 $1) 22... Rb4 23.
Rg3 (23. Re1 Qb6 24. b3 Rf4 $5 $13) 23... Rd8 24. Rgf3 Qb6 ({Black missed the
tactical possibility to keep the tension.} 24... Rf4 $1 {Thanks to the
weakness of the backrank White cannot take the pawn and Black succeeds to
trade a pair of rooks, which favours him.} 25. Rxf4 $6 exf4 26. Rxf4 $2 (26.
Qxf4 $2 Rxd2) 26... Rxd2 27. Rxf5 Rg2 $1 $19) 25. Nde4 {Now it is over.} Rxb2+
26. Ka1 f6 27. Nxf6+ Kf7 28. Qxh7+ (28. Qxh7+ Kxf6 29. Ne4#) 1-0

[Event "Stepanakert Petrosian Memorial"]
[Site "Stepanakert"]
[Date "2004.03.17"]
[Round "9"]
[White "Macieja, Bartlomiej"]
[Black "Petrosian, Tigran L"]
[Result "1-0"]
[WhiteElo "2653"]
[BlackElo "2477"]
[Annotator "Rogozenco,D"]
[PlyCount "77"]
[EventDate "2004.03.09"]
[EventType "tourn"]
[EventRounds "9"]
[EventCountry "ARM"]
[EventCategory "13"]
[SourceTitle "CBM 100"]
[Source "ChessBase"]
[SourceDate "2004.06.01"]
[SourceVersion "1"]
[SourceVersionDate "2004.06.01"]
[SourceQuality "1"]

1. e4 c5 2. Nf3 d6 3. d4 cxd4 4. Nxd4 Nf6 5. Nc3 g6 6. Be3 Bg7 7. f3 O-O 8. Qd2
Nc6 9. Bc4 Bd7 10. O-O-O Rc8 11. Bb3 Nxd4 12. Bxd4 b5 13. Nd5 (13. e5 dxe5 14.
Bxe5 Bc6 $11) (13. h4 Qa5 $132) 13... Nxd5 14. Bxg7 Kxg7 15. exd5 a5 16. a3 b4
{Nowadays this pawn sacrifice is the most fashionable way to meet 13.Nd5.} (
16... Qb6 17. Rhe1 $14) 17. axb4 axb4 18. Qxb4 Kg8 $1 19. Rhe1 Re8 20. Rd4 (20.
Rd3 Rb8 21. Qc3 (21. Qd2 Qb6 22. Kd1 Bb5 (22... Qa7 $5 $44) 23. c4 Bd7 24. Ree3
$14 {1-0 De Vreugt,D-Mamedov,R/Istanbul 2003 (57)}) 21... Qb6 22. Kd1 Bb5 23.
Rd4 Rec8 24. Qe3 Qa5 25. Re4 Rc7 26. Qd4 Rbb7 27. R4e3 Ba6 $44 {1/2-1/2
Smirnov,P-Gashimov,V/Istanbul 2003 (35)}) 20... Rc5 $146 (20... Rb8 21. Qc3 Qb6
22. Kd1 Bb5 23. Rb4 $2 Be2+ 24. Kxe2 Qxb4 25. Qxb4 Rxb4 26. Kd3 Kf8 $17 {
0-1 Timofeev,A-Mamedov,R/Dubai 2003 (56)}) 21. Kd1 {The king wants to go to
the kingside, but for the moment it is relatively safe on d1 as well (safer
than on c1).} Qa8 22. Qd2 (22. Ke2 Rb8 ({or} 22... Qa7 {at once}) 23. Qd2 Qa7
$5 24. Kf1 Rxb3 25. cxb3 Bb5+ $36) 22... Qa1+ 23. Qc1 Qa7 24. Rb4 Bf5 (24... e5
$5 {it is logical to open the position with White's king on d1.} 25. dxe6 Bxe6
{[%csl Rd1]}) 25. c3 (25. Ke2 $2 Bxc2 $1 26. Bxc2 Rec8 $15) 25... Qa6 26. Qd2
h5 (26... e5 $5 27. dxe6 Bxe6) (26... Ra5 $5) 27. Ba4 Rec8 $2 (27... Ra5 $1 28.
Qd4 (28. b3 Bd7 29. Qd4 Bxa4 30. Rxa4 Rxa4 31. bxa4 (31. Qxa4 Qd3+ $19) 31...
Rb8 32. Kc2 Qb7 $44) 28... Rc8 29. Kd2 (29. Rxe7 Qf1+) (29. g4 $2 hxg4 30. fxg4
Bxg4+ $1 31. Qxg4 Qd3+ 32. Kc1 Rxc3+ 33. bxc3 Qxc3+ 34. Kb1 Qxe1+ 35. Kb2 Rxd5
$17) 29... e5 30. dxe6 Bxe6 $44) 28. Rxe7 Kf8 29. Re3 $18 Rc4 30. Qe2 Kg7 31.
Rxc4 Rxc4 {'[#]'} 32. b3 Rxa4 33. bxa4 Qxa4+ 34. Ke1 Qh4+ 35. g3 Qa4 36. Qd1
Qa2 37. Re2 Qa5 38. Qd4+ Kh7 39. g4 1-0

[Event "RUS-ch"]
[Site "Krasnodar"]
[Date "2002.08.31"]
[Round "5"]
[White "Lastin, Alexander"]
[Black "Timofeev, Artyom"]
[Result "1-0"]
[WhiteElo "2625"]
[BlackElo "2558"]
[Annotator "Rogozenco,D"]
[PlyCount "98"]
[EventDate "2002.08.27"]
[EventType "swiss"]
[EventRounds "9"]
[EventCountry "RUS"]
[SourceTitle "CBM 091"]
[Source "ChessBase"]
[SourceDate "2002.11.12"]
[SourceVersion "1"]
[SourceVersionDate "2002.11.12"]
[SourceQuality "1"]

1. e4 c5 2. Nf3 d6 3. d4 cxd4 4. Nxd4 Nf6 5. Nc3 g6 6. Be3 Bg7 7. f3 O-O 8. Qd2
Nc6 9. Bc4 Bd7 10. O-O-O Rc8 11. Bb3 Ne5 12. Kb1 Re8 13. h4 h5 14. Bg5 a5 $2 {
A move difficult to understand for many reasons. First of all advancing the
a-pawn is always risky for Black due to the fact that after White's reply
a2-a4 the queenside pawn formation is blocked and there are less possibilities
for Black to create counterchances after that. Secondly, that pawn takes away
square a5, which in this particular variation is meant often to be used by
black queen. And last, but not least is that after 14...Rc5 Black was doing
fine in the practice and there was no need for such "improvements".} (14... Rc5
{and now White has a large choice, main continuations being 15.g4, 15.Bh6 and
15.Rhe1, in all cases with complicated positions, without a clear evaluation
by theory.}) 15. a4 $1 $16 {[%csl Rb5] That's it. A typical reaction which
considerably limits Black's possibilities on the queenside.} Rc5 (15... Nc4 16.
Qe2 $1 $16) 16. Ndb5 Qb8 17. Qe2 b6 18. Be3 Rcc8 19. Bd4 Red8 20. Qf2 Nc4 (
20... Bxb5 21. Nxb5 $16) 21. Rhe1 {White doesn't hurry to take the pawn b6,
which in practice is very unpleasant for Black. The player with Black simply
doesn't know when the opponent will take it and must always consider this
White's option in his calculations. "A threat is more dangerous than its
execution".} Qb7 22. Qf1 Bxb5 23. axb5 Qc7 24. Bxc4 Qxc4 25. Bxb6 $18 {White
confortably took the pawn, forcing the trade of queens as well.} Re8 26. Qxc4
Rxc4 27. Rd4 Rxc3 {Trying to get at least some play. But of course it is not
enough and White reaches a technically winning position.} 28. bxc3 Rb8 29. Bxa5
Rxb5+ 30. Bb4 Nd7 31. Rd5 $1 {Most precise, although even the dull 31.Rd3 Nc5
22.Rde3 is enough:} (31. Rd3 $2 Nc5 32. Rde3 Bxc3 33. Rxc3 Rxb4+ 34. Kc1 $18)
31... Rb7 32. Ka2 Be5 33. Rh1 $5 {Planning Rh3, g3 and f4.} Nf8 34. Rh3 Ne6 35.
g3 g5 36. hxg5 Nxg5 37. Rxh5 Nxf3 38. Rf5 $5 {Transformation of advantages:
from the position with an exchange up, White will be "just" two pawns up. This
is a good practical decision, because White trades black knight and doesn't
have to worry anymore about possible threats from Black.} (38. Rd1 $18) 38...
e6 39. Rxf3 exd5 40. exd5 Kg7 41. Ka3 Kg6 42. c4 Kg5 43. c5 Kg4 44. Rd3 dxc5
45. Bxc5 Bxg3 46. d6 Rd7 47. Kb4 Be1+ 48. Kb5 Bh4 49. Kc6 Rd8 (49... Rd8 50. d7
$18 {[%cal Gc5b6]}) 1-0

[Event "Subotica TS03 GM"]
[Site "Subotica"]
[Date "2003.03.27"]
[Round "7"]
[White "Colovic, Aleksandar"]
[Black "Brkic, Ante"]
[Result "1/2-1/2"]
[WhiteElo "2385"]
[BlackElo "2402"]
[Annotator "Rogozenco,D"]
[PlyCount "50"]
[EventDate "2003.03.23"]
[EventType "tourn"]
[EventRounds "11"]
[EventCountry "YUG"]
[EventCategory "9"]
[SourceTitle "CBM 095"]
[Source "ChessBase"]
[SourceDate "2003.07.25"]
[SourceVersion "1"]
[SourceVersionDate "2003.07.25"]
[SourceQuality "1"]

1. e4 c5 2. Nf3 d6 3. d4 cxd4 4. Nxd4 Nf6 5. Nc3 g6 6. Be3 Bg7 7. f3 O-O 8. Qd2
Nc6 9. Bc4 Bd7 10. O-O-O Ne5 11. Bb3 Rc8 12. Kb1 Re8 13. h4 h5 14. Bh6 Bh8 {
A doubtful continuation. Although Black achieved a draw in the present game,
White's play can certainly be improved.} (14... Nc4 15. Bxc4 Rxc4 16. Bxg7 Kxg7
$13) 15. g4 b5 $146 (15... hxg4 16. f4 $40) (15... Qa5 16. Rdg1 Qc5 17. gxh5
Nxh5 18. Be3 Nc4 19. Bxc4 Qxc4 20. Rg5 $16 {Kodric-Malakhov, Bled 2001.}) 16.
gxh5 (16. Nd5 $5) 16... Nxh5 17. Rhg1 Nc4 18. Bxc4 Rxc4 19. Nce2 (19. Be3 $5 {
[%cal Gg1g5,Gd1g1]}) 19... Qc7 20. Rg5 (20. Nb3 $5 Rc8 21. Qd5 (21. c3 b4 $140
22. Qd5 $1 Ng7 23. Rxg6 bxc3 24. Nxc3 $18) 21... Ng7 22. Rxg6) 20... Bf6 (20...
Kh7 21. Rdg1 Rc5 (21... Bxd4 $2 22. Nxd4 Rxd4 23. Qxd4 e5 (23... Kxh6 24. Rxh5+
Kxh5 25. Qg7 $18) 24. Qd2 Nf4 25. h5 $1 $18) (21... Rc8 22. Rxh5 gxh5 23. Qf4
Bf6 24. Bg7 $1 Bxg7 (24... Rg8 25. Qh6#) 25. Qxf7 Bg4 26. Ne6 Rg8 27. Ng5+ $18)
(21... Qb6 22. Rxh5 (22. Nf5 $5) 22... gxh5 23. Qf4 $1 Bf6 24. Qg3 $18) 22. Nf5
Bf6 23. Rxh5 {with wild complications, apparently in White's favour.}) 21. Rxh5
(21. Rg2 $5 {[%cal Gd1g1]}) 21... gxh5 22. Bg5 (22. Qf4 d5 $1 (22... Kh7 $2 23.
Bg5 Bxd4 24. Qxf7+ Bg7 25. Rg1 $40)) 22... Bg7 (22... Bh8 $2 23. Rg1 Kh7 24.
Qf4 f6 25. Bxf6 Rg8 (25... exf6 26. Nf5 $18) (25... Bxf6 26. Nf5 $18) 26. Bxh8
Rxg1+ 27. Nxg1 $16) (22... Be5 23. Bxe7 $5 (23. Rg1 Kh7) 23... Rxe7 (23... f6
24. Qh6 Rxe7 25. Rg1+ Bg4 26. Qxh5 Rg7 27. fxg4 Bxd4 28. Qe8+ Kh7 29. Qh5+ $11)
24. Rg1+ (24. Qg5+ Kf8 25. Rg1 Re8) 24... Bg7 25. Rxg7+ Kxg7 26. Qg5+ Kf8 27.
Qh6+ Kg8 28. Qg5+ $11) 23. Bh6 Bf6 24. Bg5 Bg7 25. Bh6 Bf6 1/2-1/2

[Event "New York op"]
[Site "New York"]
[Date "1998.03.18"]
[Round "5"]
[White "Rogers, Ian"]
[Black "Fedorowicz, John P"]
[Result "1/2-1/2"]
[WhiteElo "2570"]
[BlackElo "2495"]
[Annotator "Schulz,Andre"]
[PlyCount "81"]
[EventDate "1998.03.16"]
[EventType "swiss"]
[EventRounds "9"]
[EventCountry "USA"]
[SourceTitle "CBM 064"]
[Source "ChessBase"]
[SourceDate "1998.06.02"]
[SourceVersion "1"]
[SourceVersionDate "1998.06.02"]
[SourceQuality "1"]

1. e4 c5 2. Nf3 d6 3. d4 cxd4 4. Nxd4 Nf6 5. Nc3 g6 6. Be3 Bg7 7. f3 Nc6 8. Qd2
O-O 9. Bc4 Bd7 10. O-O-O Rc8 11. Bb3 Ne5 12. h4 h5 13. Bh6 {Das ist der
direkteste Angriffzug gegen den schwarzen König.} Bxh6 ({Dieser Abtausch mit
folgendem Qualitätsopfer ist verbreitet, aber nicht erzwungen. Durchaus
spielbar ist} 13... Nc4 14. Bxc4 Rxc4 15. Bxg7 Kxg7 16. g4 hxg4 17. h5 Rh8) 14.
Qxh6 Rxc3 {[%csl Yg7,Yh7][%cal Yg2g4,Yd4f5,Yb3f7,Yh6g6] Das ist die Idee von
13...Bxh6. Schwarz beseitigt mit dem Nc3 eine Angriffsfigur (Nc3-d5) und
zertrümmert die weiße Rochadestellung. Andererseits hat er sich mit der Q auf
h6 einen unbequemen Gast ins Haus bestellt. Schwarz muß zum Beispiel immer auf
Qxg6 achten. Im Moment bewacht der Ne5 das Feld.} 15. bxc3 Qa5 (15... Qc8 {
[%cal Gd7g4] beäugt auch g4.}) ({Flexibler ist} 15... Qc7 16. Z0 $140 a5 17. Z0
a4) 16. Kb1 Rc8 ({Eine andere Idee ist} 16... b5 {um später nach} 17. Z0 Nc4
18. Bxc4 {mit} bxc4 {die b-Linie zu öffnen.}) (16... Qxc3 {gilt wegen} 17. Ne2
{mit weißem Tempogewinn als ungenau.}) 17. Rhe1 {Ein seltsamer Zug. Der Rh1
steht ideal für die Angriffsidee mit g2-g4 und h4-h5, aber Weiß verzichtet auf
diese Möglichkeit und nimmt eine defensivere Aufstellung ein. Winkt Weiß schon
mit der Friedenspfeife?} ({Das kritische Abspiel ist} 17. g4 Nc4 ({oder} 17...
Qxc3 18. gxh5)) 17... Qxc3 18. Qd2 Qc5 19. Re3 a5 20. a3 a4 21. Ba2 d5 (21...
b5 $5 22. Z0 $140 Nc4) 22. exd5 Nxd5 23. Bxd5 Qxd5 {[%cal Re5c4]} 24. Nb3 $1 {
löst alle akuten Probleme.} (24. Qb4 $6 Nc6) 24... Qxd2 25. Nxd2 Bf5 26. Rc1 f6
27. f4 Nc6 28. Nf3 Rd8 29. Rce1 Kf7 30. Rc3 Rd6 31. Kc1 Ke8 32. Rd1 Kd7 33. Rc5
Rxd1+ 34. Kxd1 Kc7 35. Rd5 Be6 36. Rd3 {Der Vorteil der Qualität ist hier
gering, weil der Turm nirgndwo in die schwarze Stellung einbrechen kann.} Bc4
37. Re3 Kd6 38. Nd2 Bd5 39. Rg3 Bf7 40. Ne4+ Ke6 41. Re3 1/2-1/2